ARRUPE JESUIT UNIVERSITY

CORONAVIRUS -STOP THE SPREAD - CLEAN,DISINFECT,COVER

The language of hermeneutics : (Record no. 124193)

MARC details
000 -LEADER
fixed length control field 01289pam a2200313 a 4500
001 - CONTROL NUMBER
control field 4964567
003 - CONTROL NUMBER IDENTIFIER
control field ARRUPE
005 - DATE AND TIME OF LATEST TRANSACTION
control field 20160216110341.0
008 - FIXED-LENGTH DATA ELEMENTS--GENERAL INFORMATION
fixed length control field 971003s1998 nyu b s001 0 eng
010 ## - LIBRARY OF CONGRESS CONTROL NUMBER
LC control number 97042842
020 ## - INTERNATIONAL STANDARD BOOK NUMBER
International Standard Book Number 0791438996 (alk. paper)
020 ## - INTERNATIONAL STANDARD BOOK NUMBER
International Standard Book Number 0791439003 (pbk. : alk. paper)
040 ## - CATALOGING SOURCE
Original cataloging agency DLC
Transcribing agency DLC
Modifying agency DLC
050 00 - LIBRARY OF CONGRESS CALL NUMBER
Classification number B3248.G34
Item number C64 1998
082 00 - DEWEY DECIMAL CLASSIFICATION NUMBER
Classification number 121/.686/0922
Edition number 21
300 ## - PHYSICAL DESCRIPTION
Dimensions 24 cm.
100 1# - MAIN ENTRY--PERSONAL NAME
Personal name Coltman, Rodney R.,
Dates associated with a name 1957-
9 (RLIN) 22352
245 14 - TITLE STATEMENT
Title The language of hermeneutics :
Remainder of title Gadamer and Heidegger in dialogue /
Statement of responsibility, etc Rod Coltman.
260 ## - PUBLICATION, DISTRIBUTION, ETC. (IMPRINT)
Place of publication, distribution, etc Albany :
Name of publisher, distributor, etc State University of New York Press,
Date of publication, distribution, etc c1998.
300 ## - PHYSICAL DESCRIPTION
Extent xviii, 187 p. ;
440 #0 - SERIES STATEMENT/ADDED ENTRY--TITLE
Title SUNY series in contemporary continental philosophy
9 (RLIN) 10482
504 ## - BIBLIOGRAPHY, ETC. NOTE
Bibliography, etc Includes bibliographical references (p. 153-180) and index.
600 10 - SUBJECT ADDED ENTRY--PERSONAL NAME
Personal name Gadamer, Hans-Georg,
Dates associated with a name 1900
General subdivision Contributions in hermeneutics
9 (RLIN) 22353
600 10 - SUBJECT ADDED ENTRY--PERSONAL NAME
Personal name Heidegger, Martin,
Dates associated with a name 1889-1976.
General subdivision Contributions in hermeneutics
9 (RLIN) 22354
650 #0 - SUBJECT ADDED ENTRY--TOPICAL TERM
Topical term or geographic name as entry element Hermeneutics
General subdivision History
Chronological subdivision 20th century.
9 (RLIN) 21591
906 ## - LOCAL DATA ELEMENT F, LDF (RLIN)
a 7
b cbc
c orignew
d 1
e ocip
f 19
g y-gencatlg
942 ## - ADDED ENTRY ELEMENTS (KOHA)
Source of classification or shelving scheme Library of Congress Classification
Koha item type Monograph ( Printed materials)
Holdings
Withdrawn status Lost status Source of classification or shelving scheme Damaged status Not for loan Collection code Home library Current library Shelving location Date acquired Total Checkouts Full call number Barcode Date last seen Date checked out Price effective from Koha item type
    Library of Congress Classification     Main Collection ARRUPE LIBRARY ARRUPE LIBRARY Main Collection 16/02/2016 2 B3248.G34 C64 1998 46500006237 28/11/2023 30/10/2023 16/02/2016 Monograph ( Printed materials)

 

Arrupe Library. PO Box MP320 Mt Pleasant, Harare, Zimbabwe
263 242 745411|librarian@aju.ac.zw